[Event "V Sunway Sitges Open 2018"]
[Site "Sitges"]
[Date "2018.12.15"]
[Round "2"]
[White "Di Nicolantonio, Lucas"]
[Black "Edouard, Romain"]
[Result "0-1"]
[WhiteElo "2389"]
[BlackElo "2644"]
[Annotator "TA"]
[PlyCount "84"]
[EventDate "2018.12.14"]
[EventType "swiss"]
[EventCountry "ESP"]
[SourceTitle "playchess.com"]
[Source "ChessBase"]
[SourceQuality "1"]

{[%evp 13,84,-29,-31,-82,-84,-72,-82,-55,-43,-37,-37,-37,-28,-34,-14,-65,-64,-97,-91,-131,-130,-130,-133,-141,-143,-129,-141,-137,-125,-146,-147,-140,-131,-139,-133,-149,-147,-142,-110,-165,-164,-141,-140,-140,-141,-160,-168,-254,-254,-254,-248,-237,-94,-86,-76,-60,-60,-668,-710,-678,-598,-1408,-1238,-5057,-4722,-29971,-12796,-12826,-12796,-29986,-29987,-29989,-29990]} 1. e4 {[%cal Be2e4,Be4e5][%mdl 32]} c5 2. b3 g6 3. Bb2 Nf6 4. e5 Nd5 5. h4 Bg7 6. h5 {B20: Sicilian: Unusual White 2nd moves} Nc6 7. Nf3 d6 {LiveBook: 3 Games} 8. h6 $146 (8. Nc3 $15 Nxc3 9. Bxc3) ({Predecessor:} 8. Bb5 Bg4 9. hxg6 hxg6 10. Rxh8+ Bxh8 11. Qe2 dxe5 12. Bxe5 Bxe5 13. Qxe5 {1-0 (35) Navara,D (2734)-Wojtaszek,R (2727) Huaian 2016}) 8... Bxe5 $1 $17 9. Nxe5 dxe5 10. Bb5 f6 11. Bxc6+ bxc6 12. d3 Nf4 13. Rh2 Bf5 14. Qd2 {[#]} (14. Nd2 $11) 14... c4 $1 $15 {[%mdl 512]} 15. g3 (15. bxc4 Rb8) 15... Ne6 {[%cal Rc4d3]} ({Don't play} 15... cxd3 $6 16. gxf4 dxc2 17. Qxd8+ Rxd8 18. Na3 $11) 16. dxc4 Qb6 $36 {[%mdl 2048] Keeping White busy.} 17. Nc3 Rd8 18. Qe3 Bxc2 19. Qxb6 axb6 20. f3 Bf5 21. Rd2 Rxd2 22. Kxd2 {Black should prevent g4.} Nd4 23. Rf1 Kf7 24. g4 {[#]} Be6 $1 25. Na4 b5 26. cxb5 (26. Bxd4 $17 exd4 27. cxb5 cxb5 28. Nc5) 26... cxb5 $19 27. Nc5 Rc8 28. Bxd4 exd4 29. Nxe6 Kxe6 $17 {[%mdl 4096] Endgame KR-KR} 30. a4 {[#]} (30. f4 $142) 30... bxa4 $1 $19 31. bxa4 Ra8 32. Ra1 Kd5 (32... Ke5 $19 {...Kf4 is the strong threat.} 33. a5 Ra6 34. Re1+ Kd6) 33. a5 $17 Ra6 34. Kc2 e5 35. Kb3 $2 {[%mdl 8192]} (35. Kd3 $15) 35... f5 $19 36. gxf5 gxf5 37. Kb4 e4 38. fxe4+ fxe4 39. Kb5 Ra8 40. a6 e3 {[%cal Be4e3,Be3e2][%mdl 32]} 41. a7 e2 42. Kb4 {[#]} Rxa7 $1 {[%mdl 512] Accuracy: White = 36%, Black = 75%.} 0-1

[Event "V Sunway Sitges Open 2018"]
[Site "Sitges"]
[Date "2018.12.15"]
[Round "2"]
[White "Alarcon Casellas, Rolando"]
[Black "Adly, Ahmed"]
[Result "0-1"]
[WhiteElo "2387"]
[BlackElo "2626"]
[Annotator "TA"]
[PlyCount "110"]
[EventDate "2018.12.14"]
[EventType "swiss"]
[EventCountry "ESP"]
[SourceTitle "playchess.com"]
[Source "ChessBase"]
[SourceQuality "1"]

{[%evp 19,110,-76,-80,-80,-61,-77,-72,-59,-46,-87,-85,-87,-66,-97,-96,-115,-106,-98,-102,-99,-106,-82,-87,-84,-89,-201,-196,-177,-194,-168,-54,-225,-230,-231,-229,-334,-335,-359,-327,-310,-317,-276,-241,-239,-210,-207,-155,-147,-147,-144,-151,-140,-131,-146,-72,-72,-70,-76,-70,-74,-68,-91,-73,-72,-72,-74,-70,-94,-87,-118,-117,-134,-110,-114,-71,-65,-72,-115,-115,-162,-153,-154,-159,-237,-230,-252,-256,-4631,-4627,-4966,-4966,-977,-916]} 1. d4 Nf6 2. Bg5 Ne4 3. Bf4 c5 4. d5 Qb6 5. Nd2 Qxb2 6. Nxe4 {A45: Trompowsky Attack} Qb4+ 7. c3 Qxe4 8. e3 g5 9. Bg3 Bg7 10. Rc1 d6 {LiveBook: 9 Games} 11. Nf3 (11. h4 g4 12. Ne2 Nd7 13. Nf4 {½-½ (30) Radjabov,T (2744)-Vachier Lagrave,M (2703) Moscow 2010}) 11... Qg6 $1 12. h4 h6 $1 13. Bd3 f5 $146 14. Qc2 O-O 15. hxg5 hxg5 16. c4 Na6 17. a3 Nc7 18. Rb1 {[#]} b5 $1 {[%mdl 512]} 19. cxb5 Nxd5 20. Bc4 Be6 21. Rd1 Nc7 22. Bxd6 (22. a4 $17) 22... exd6 $19 23. Rxd6 Rae8 24. Rc6 Qf6 (24... Rf7 $19 {aiming for ...g4.} 25. Rxc5 Bxc4 26. Rxc4 Ne6) 25. O-O $2 {[#]} (25. Rxc7 $15 Qa1+ {[%mdl 64] Double Attack} 26. Ke2 Qxh1 27. Bxe6+ Rxe6 28. Qc4) 25... g4 $1 {[%cal Rg4f3]} 26. Ne1 Qf7 {[#]} 27. Bxe6 (27. Rxe6 $142 $1 {[%mdl 512]} Nxe6 28. Nd3) 27... Nxe6 28. Nd3 f4 29. Nxf4 Nxf4 30. exf4 Qxf4 31. g3 Qe4 32. Qxc5 Rf3 33. Rd1 Ref8 34. Qc4+ Qxc4 35. Rxc4 Rxf2 36. Rxg4 R2f5 (36... R8f3 $142 37. a4 Rb2) 37. a4 $17 R8f7 38. Kg2 Kf8 39. Rc1 Ke8 40. Rc2 Kd8 41. Rg6 Rb7 42. Rd6+ Ke7 43. Rdc6 Bd4 44. Re2+ Kf7 45. Re4 Rd7 46. Rh4 Rf2+ 47. Kh3 Rb2 48. Rf4+ Ke7 49. Kg4 Rb4 50. Ra6 Kd8 51. Kf3 (51. Kh5 $17 {was necessary.}) 51... Kc8 52. g4 Rb3+ 53. Kg2 $2 (53. Ke4) 53... Bb6 $19 {Black is clearly winning.} 54. Rc4+ Kb7 {( -> ...Rd2+)} 55. Rc2 Rd4 {Accuracy: White = 46%, Black = 74%.} 0-1

[Event "V Sunway Sitges Open 2018"]
[Site "Sitges"]
[Date "2018.12.15"]
[Round "2"]
[White "Low, Zhen Yu Cyrus"]
[Black "Lagarde, Maxime"]
[Result "0-1"]
[WhiteElo "2384"]
[BlackElo "2616"]
[Annotator "TA"]
[PlyCount "142"]
[EventDate "2018.12.14"]
[EventType "swiss"]
[EventCountry "ESP"]
[SourceTitle "playchess.com"]
[Source "ChessBase"]
[SourceQuality "1"]

{[%evp 22,142,42,24,25,26,32,-29,-27,-81,-81,-77,-53,-49,-54,-54,-54,-71,-71,-66,-64,-65,-54,-54,-54,-54,-52,-54,-57,-52,-19,-36,9,11,27,36,46,43,32,35,45,39,51,41,62,65,63,72,67,76,84,65,86,75,90,46,72,40,78,66,73,67,67,67,104,87,104,24,205,66,65,64,64,57,70,55,54,41,48,41,41,41,38,28,35,0,27,29,29,27,40,46,63,63,43,43,174,174,454,428,442,425,427,437,562,558,569,482,853,588,1220,1225,1137,1279,1331,-29984,-29985,-29985,-2096,-2110,-1823,-1384,-1135]} 1. e4 c5 2. Nf3 d6 3. d4 cxd4 4. Nxd4 Nf6 5. Nc3 Nc6 6. Bg5 e6 7. Qd2 a6 8. Nxc6 {B66: Sicilian: Richter-Rauzer: 7...a6 8 0-0-0 h6} bxc6 9. O-O-O Be7 10. Bxf6 gxf6 11. Bc4 Qa5 12. Rhe1 {LiveBook: 3 Games} Bb7 $146 ({Predecessor:} 12... Rb8 13. f4 Bd7 14. Qd3 Qb6 15. Bb3 Qf2 16. Rf1 Qxg2 17. Rd2 Qg4 18. Qxa6 f5 19. Qa7 Rd8 20. Kb1 {½-½ (20) Gharamian,T (2660)-Vovk,A (2611) Germany 2015}) 13. Kb1 O-O-O 14. Qe2 (14. Qh6 $14) 14... d5 $11 {[%cal Bd6d5,Bd5d4][%mdl 32]} 15. Bb3 (15. exd5 $1 $11 cxd5 16. Bb3) 15... d4 $1 $17 {[%cal Rd4c3]} 16. Na4 c5 17. Qd2 Qb5 {...c4 is the strong threat.} 18. c4 Qc6 19. Qd3 Qc7 20. g3 Bc6 21. Bc2 Kb7 22. a3 Ka7 23. Ka2 Rd7 24. b3 Rb8 25. Nb2 e5 26. Qe2 Bd8 27. Qh5 Qa5 28. Re2 Rdb7 29. Qxh7 Qc7 30. Qh5 Qc8 31. Qf3 Bd7 32. Qd3 Ba5 33. Rb1 Qh8 34. f3 {[%cal Bf2f3,Bf3f4][%mdl 32]} Qh3 35. Qd1 Bc3 36. Nd3 Rc7 37. Qf1 Qh8 38. f4 Bh3 39. Qg1 Bg4 40. Rf2 Be6 41. f5 Bd7 42. h4 Rg8 43. Rg2 a5 44. Qf1 ({Better is} 44. Nb2 $16) 44... Bc8 $2 (44... a4 $1 $11) 45. a4 (45. Nf2 $1 $18) 45... Bb7 $14 46. Qe2 Qh6 47. Rbg1 Rcc8 48. Nf2 Rcd8 49. Qd3 Rg7 50. Rh1 Rh8 51. Kb1 Bc6 52. Nd1 Bb4 53. Nb2 Rg4 54. Qf3 Rhg8 55. Nd1 Kb6 56. Nf2 R4g7 57. g4 {[%cal Bg3g4,Bg4g5][%mdl 32]} Rh7 58. Rh3 Rb8 {[#]} (58... Rgh8 $14) 59. g5 $1 $36 {[%cal Rg5h6][%mdl 2048] Keeping Black busy.} Qf8 $2 (59... Qh5) 60. g6 fxg6 61. fxg6 Rhb7 62. Ng4 Ka7 {...Bc3 would now be nice for Black.} 63. Qxf6 Qc8 64. g7 Bc3 (64... Bxa4 $142 65. Nf2 (65. bxa4 Bd2+ 66. Bb3 {[%mdl 64] Decoy} Rxb3+ 67. Rxb3 Rxb3+ 68. Kc2 Qb7 $15) 65... Qg8 66. Qxe5 Re8) 65. Kc1 Rxb3 66. Bxb3 Rxb3 {[#]} 67. Nxe5 $1 {[%mdl 512]} Bxe4 68. Rd3 $4 {[%mdl 8192]} (68. Qe7+ $18 Ka8 {[#]} 69. Nd3 $3 {[%mdl 512]}) 68... Qb7 69. Qf7 Rb1+ (69... Qxf7 $142 70. Nxf7 Bxd3 71. Rc2 Ra3 72. Kd1 Ra1+ 73. Rc1 Ra2 74. Rc2 Bxc2+ 75. Ke2 Bg6+ 76. Kf3 Bxf7 77. Ke4 Bxc4 78. h5 d3 79. g8=Q Re2+ 80. Kf4 Bxg8 81. h6 d2 82. h7 d1=Q 83. hxg8=Q Rf2+ 84. Kg3 Qg1+ 85. Kh4 Rh2#) 70. Kc2 $19 Rb2+ 71. Kd1 Rxg2 {Accuracy: White = 63%, Black = 43%.} 0-1

[Event "V Sunway Sitges Open 2018"]
[Site "Sitges"]
[Date "2018.12.15"]
[Round "2"]
[White "Borocz, Istvan"]
[Black "Romanov, Evgeny"]
[Result "0-1"]
[WhiteElo "2377"]
[BlackElo "2614"]
[Annotator "TA"]
[PlyCount "144"]
[EventDate "2018.12.14"]
[EventType "swiss"]
[EventCountry "ESP"]
[SourceTitle "playchess.com"]
[Source "ChessBase"]
[SourceQuality "1"]

{[%evp 9,144,0,0,0,0,-10,30,29,27,25,26,14,16,11,10,27,20,3,30,0,0,-14,18,17,39,25,32,36,41,2,2,2,8,0,0,0,0,0,33,0,0,0,0,0,0,0,0,0,0,0,0,0,0,-136,-108,-93,-92,-89,-88,-96,-102,-88,-93,-95,-111,-92,-41,-35,0,-22,0,-134,-135,-116,-112,-215,-217,-231,-236,-302,-287,-273,-286,-225,-237,-220,-11,-127,-123,-241,0,0,0,0,0,0,0,0,19,0,0,0,8,8,26,1,1,-15,1,1,1,0,0,0,0,-73,-73,-1666,-1512,-29964,-29965,-29967,-29968,-29967,-29968,-29967,-29969,-29968,-29969,-29978,-29978,-29978,-29976,-29978,-29977,-29986,-29986]} 1. d4 Nf6 2. Nf3 d5 3. c3 Bf5 4. Bg5 Ne4 (4... c6 5. Bxf6 exf6 6. e3 Bd6 7. Bd3 Be6 8. Qc2 g6 9. Nbd2 f5 10. c4 Nd7 11. O-O O-O 12. a3 Nf6 13. cxd5 Bxd5 14. Bc4 Re8 {½-½ (72) Ghaem Maghami,E (2554)-Vitiugov,N (2734) Khanty-Mansiysk 2013}) 5. Bf4 e6 6. Nbd2 {D03: 1 d4 d5 2 Nf3 Nf6 3 Bg5, including Torre Attack with early ...d5} g5 $146 ({Predecessor:} 6... Bd6 7. Bxd6 Nxd6 8. e3 O-O 9. Be2 Nd7 10. Ne5 Nxe5 11. dxe5 Ne4 12. h4 Nxd2 13. Qxd2 {1-0 (51) Spitz,P (2542)-Winkler,K (2354) ICCF email 2002}) 7. Be3 g4 8. Nxe4 {Hoping for Ng3.White has an edge.} Bxe4 9. Nd2 Bg6 10. Bf4 Bd6 11. e3 Bxf4 12. exf4 h5 13. Qb3 b6 14. Qa4+ c6 15. Be2 Qc7 16. g3 Nd7 17. h3 gxh3 18. Rxh3 O-O-O 19. O-O-O Nf6 20. Rh4 Ng4 21. Bxg4 hxg4 22. Rdh1 Rxh4 23. Rxh4 Kb7 24. Nf1 Be4 25. Ne3 f5 26. Rh6 Re8 27. Nc2 {next Nb4 is good for White.} a5 28. Ne1 Qg7 29. Rh4 Rc8 30. Kd2 c5 31. Ke3 (31. dxc5 $1 $11 Rxc5 32. Nd3 Bxd3 33. Kxd3) 31... cxd4+ 32. Qxd4 Qxd4+ 33. Kxd4 $17 {[%mdl 4096] Endgame KRB-KRN} Rc4+ $1 34. Ke3 {[#]} d4+ $1 {[%mdl 512]} 35. cxd4 Rc1 36. Nd3 Rd1 {[%mdl 1024] Black has strong compensation.} 37. Ne5 Bd5 ({Black should play} 37... Re1+ $17 38. Kd2 Rb1) 38. a3 Rb1 39. Nd3 Ka6 40. Rh6 (40. Rh8 $11) 40... Kb5 41. Rh7 Bc4 42. Re7 (42. Rd7 $17) 42... Ka4 $1 $19 43. Kd2 Kb3 $1 44. Rb7 b5 $1 45. Rb6 a4 46. Rb8 {[#]} Ka2 $1 ({Less strong is} 46... Bxd3 47. Kxd3 Rxb2 48. Rxb5+ Kxa3 49. Re5 $15) 47. Rb6 Ka1 $2 (47... Bxd3 $1 $19 48. Kxd3 Rxb2 49. Rxe6 Kxa3) 48. Kc3 {[#]} (48. Kc2 $1 $11 {was the only way to keep the balance.}) 48... Rd1 $1 $17 {[%cal Rd1d3]} ({Much weaker is} 48... Bxd3 $6 49. Kxd3 Rxb2 50. Rxe6 $11) 49. Ne5 (49. Nc5 $17) 49... Bf1 $2 (49... Rc1+ $19 50. Kb4 Kxb2) 50. Rxe6 $11 Rc1+ 51. Kb4 Rd1 $1 52. Nc6 Kxb2 53. Re3 Bc4 54. Kc5 Bb3 55. Kb4 {Re2+ is the strong threat.} Rd2 56. Re5 {[%mdl 64] Double Attack} Rxf2 57. Rxf5 Rf3 58. Na7 Rxg3 {White must now prevent ...Bc2.} 59. Nxb5 Rf3 60. Rg5 Rxf4 61. Kc5 Be6 {Threatens to win with ...Rf5+.} 62. Kb4 (62. Nd6 $11 {keeps the balance.}) 62... Bd7 $17 {Strongly threatening ...Rf5.} 63. Rg7 $2 {[%mdl 8192]} (63. Kxa4 $17 Rxd4+ 64. Ka5) 63... Bxb5 $1 $19 64. Kxb5 Rxd4 {KR-KR. Black mates.} 65. Kc5 Rf4 66. Re7 Kxa3 67. Re3+ Kb2 68. Re2+ Kc3 69. Kd5 a3 {[%cal Ba4a3,Ba3a2][%mdl 32]} 70. Re3+ Kb4 71. Re2 g3 72. Re8 a2 {Accuracy: White = 40%, Black = 63%.} 0-1

[Event "V Sunway Sitges Open 2018"]
[Site "Sitges"]
[Date "2018.12.15"]
[Round "2"]
[White "Pablo Mari, Alejandro"]
[Black "Peralta, Fernando"]
[Result "0-1"]
[WhiteElo "2375"]
[BlackElo "2584"]
[Annotator "TA"]
[PlyCount "58"]
[EventDate "2018.12.14"]
[EventType "swiss"]
[EventCountry "ESP"]
[SourceTitle "playchess.com"]
[Source "ChessBase"]
[SourceQuality "1"]

{[%evp 18,58,16,17,15,0,0,0,0,0,0,0,3,0,0,0,0,0,0,0,0,-8,0,-32,-25,-20,-14,-40,-11,-27,-31,-29,-32,-17,-29,-100,-98,-98,-104,-129,-29,-499,-439]} 1. e4 e6 2. d3 d5 3. Nd2 Nf6 4. Ngf3 Be7 5. g3 O-O 6. Bg2 dxe4 7. dxe4 b6 8. O-O Bb7 {A07: Réti Opening: New York and Capablanca Systems} 9. e5 Nfd7 10. Re1 {LiveBook: 12 Games} Nc6 {The position is equal.} 11. a3 a5 12. b3 Nc5 13. Bb2 Qd7 14. Qe2 {[#]} Rad8 $146 ({Predecessor:} 14... Rfd8 15. Rad1 Qe8 16. h4 {½-½ (90) Bocharov,D (2560)-Kryvoruchko,Y (2710) Berlin 2015}) 15. Rad1 Qc8 16. h4 Rd7 17. Nf1 Rfd8 18. Rxd7 Qxd7 19. Qe3 Bf8 20. g4 Ne7 {[%cal Bc6e7,Be7g6,Bg6h4][%mdl 32]} 21. Ng3 Qc8 22. Ng5 h6 $36 {[%mdl 2048] Black is more active.} 23. Bxb7 Qxb7 24. N5e4 Ng6 25. h5 Nh4 {And now ...Rd2! would win.} 26. Re2 (26. Kh1 $11 {keeps the balance.}) 26... Rd1+ 27. Kh2 Qd5 28. Kh3 {[#]} Be7 (28... Nxe4 $1 $17 29. Qxe4 Nf3) 29. c4 $2 {[%mdl 8192]} (29. f4 $11 {and White is okay.} Nxe4 30. Qxe4) 29... Qa8 {Accuracy: White = 36%, Black = 80%.} 0-1

[Event "V Sunway Sitges Open 2018"]
[Site "Sitges"]
[Date "2018.12.15"]
[Round "2"]
[White "Meister, Peter"]
[Black "Lopez Martinez, Josep Manuel"]
[Result "0-1"]
[WhiteElo "2355"]
[BlackElo "2580"]
[Annotator "TA"]
[PlyCount "54"]
[EventDate "2018.12.14"]
[EventType "swiss"]
[EventCountry "ESP"]
[SourceTitle "playchess.com"]
[Source "ChessBase"]
[SourceQuality "1"]

{[%evp 17,54,11,25,0,0,-9,0,-29,0,-12,0,-23,-19,-35,-35,-41,-41,-71,-57,-75,-54,-62,-64,-80,-71,-58,-77,-86,-97,-116,-110,-135,-108,-259,-229,-405,-403,-550,-494]} 1. d4 Nf6 2. Nf3 g6 3. Nc3 d5 4. Bf4 Bg7 5. e3 O-O 6. Be2 c5 7. Ne5 Nc6 8. O-O cxd4 9. exd4 Bd7 {LiveBook: 3 Games. D00: 1 d4 d5: Unusual lines} 10. a4 $146 ({Predecessor:} 10. Re1 e6 11. Bg5 h6 12. Nxd7 Qxd7 13. Be3 Rac8 14. Na4 Na5 15. Nc5 Qc6 16. c3 Nc4 17. Bc1 {1-0 (61) Kravtsiv,M (2685)-Ruck,R (2529) Batumi 2018}) 10... e6 11. Ra3 a6 {The position is equal.} 12. Qd2 Rc8 (12... Ne8 {feels hotter.} 13. Nf3 f6 14. h4 Rc8 15. g3 Rf7) 13. Nxc6 Bxc6 14. Be5 Qe7 15. Qe3 Rfd8 16. h3 Bf8 17. Bd3 Nd7 {[%cal Bf6d7,Bd7b6,Bb6c4][%mdl 32]} 18. Bg3 Bg7 (18... e5 $5) 19. Ne2 Nb6 20. a5 Nc4 21. Bxc4 dxc4 22. c3 Rd5 23. Nc1 Rb5 24. Qe2 Qd8 25. b4 $2 {[#]} (25. Na2 $17 {was necessary.}) 25... cxb3 $1 $19 26. Qb2 $2 (26. c4) 26... Bd5 ({Don't do} 26... Qd5 27. f3 $19) 27. Nxb3 Bf8 {Accuracy: White =  1%, Black = 75%.} 0-1

[Event "V Sunway Sitges Open 2018"]
[Site "Sitges"]
[Date "2018.12.15"]
[Round "2"]
[White "O`Donnell, Conor"]
[Black "Petrosyan, Manuel"]
[Result "0-1"]
[WhiteElo "2346"]
[BlackElo "2565"]
[Annotator "TA"]
[PlyCount "86"]
[EventDate "2018.12.14"]
[EventType "swiss"]
[EventCountry "ESP"]
[SourceTitle "playchess.com"]
[Source "ChessBase"]
[SourceQuality "1"]

{[%evp 25,86,32,18,0,0,0,0,-27,-25,-35,-32,-62,-65,-61,-60,-79,-72,-58,-53,-56,-54,-84,-85,-80,-80,-72,-79,-105,-108,-108,-95,-126,-53,-103,-94,-112,-44,-157,-157,-160,-152,-164,-161,-189,-122,-243,-254,-286,-287,-450,-452,-466,-465,-831,-817,-701,-545,-735,-733,-662,-643,-590,-576]} 1. d4 Nf6 2. c4 e6 3. Nc3 Bb4 4. Qc2 O-O 5. Nf3 c5 6. dxc5 Na6 {[%cal Bb8a6,Ba6c5,Bc5e4][%mdl 32]} 7. g3 Nxc5 8. Bg2 Nce4 9. O-O Bxc3 {E39: Nimzo-Indian: Classical: 4...c5 5 dxc5 0-0} (9... Nxc3 10. bxc3 Be7 11. e4 d6 12. e5 dxe5 13. Nxe5 Qc7 14. Qe2 Nd7 15. Bf4 Nxe5 16. Bxe5 Bd6 17. Rfe1 Rb8 18. Rad1 Bxe5 19. Qxe5 Qxe5 20. Rxe5 b6 21. c5 Ba6 22. c6 {½-½ (43) Nakamura,H (2781)-Caruana,F (2799) London 2017}) 10. bxc3 Qc7 11. Nd4 d5 12. cxd5 exd5 13. Bf4 Qc5 {LiveBook: 7 Games} 14. Rfc1 Bd7 15. Be3 $146 {Ne6! is the strong threat.} ({Predecessor:} 15. Qb2 b6 16. Nb3 Qxf2+ 17. Kh1 {½-½ (31) Bobel,P (2292)-Laliga,O (2263) ICCF email 2016}) 15... Rfc8 {[%cal Re4c3]} 16. Rab1 b6 17. Qd3 Qc4 18. Rb3 Qxd3 19. exd3 Nc5 $1 {[%csl LRb3,LRd3][%mdl 64] Double Attack} 20. Bg5 Nxb3 21. axb3 Be6 22. f4 Rc7 23. f5 Bc8 $1 24. Bxf6 gxf6 25. Bxd5 Bb7 26. Nb5 Rd7 27. Bxb7 Rxb7 $17 {[%mdl 4096] Endgame KRR-KRN} 28. d4 a6 (28... Rd8 $17 29. Ra1 Re7) 29. Ra1 Re7 $1 30. c4 Kg7 ({Better is} 30... Re2 $17 31. Nc7 Rd8) 31. d5 ({White has to play} 31. Kf2 $1 $15) 31... Re3 32. Nc7 Rd8 $1 33. Rxa6 Rxb3 34. Ra7 {[#] aiming for Ne6+.} Kh6 (34... Kf8 $1 $19 35. Ra4 Rb2) 35. Nb5 {[#]} (35. Kf2 $17 {is the only way for White.}) 35... Rb2 $1 $19 36. Rxf7 Ra8 {[%cal Ra8a1]} 37. Ra7 (37. Na7 {was the only chance.}) 37... Re8 {[%cal Re8e1] Black is clearly winning.} 38. Kf1 Ree2 39. d6 (39. h4 $142 Rf2+ 40. Kg1) 39... Rxh2 {[%cal Rh2h1]} 40. Kg1 Rbg2+ 41. Kf1 Rc2 {[%cal Rh2h1]} 42. Kg1 Rhd2 {[%cal Rd2d1]} 43. Ra1 Rxc4 {Accuracy: White = 38%, Black = 74%.} 0-1

[Event "V Sunway Sitges Open 2018"]
[Site "Sitges"]
[Date "2018.12.15"]
[Round "2"]
[White "Krishna Teja, N."]
[Black "Kulaots, Kaido"]
[Result "0-1"]
[WhiteElo "2340"]
[BlackElo "2555"]
[Annotator "TA"]
[PlyCount "100"]
[EventDate "2018.12.14"]
[EventType "swiss"]
[EventCountry "ESP"]
[SourceTitle "playchess.com"]
[Source "ChessBase"]
[SourceQuality "1"]

{[%evp 13,100,-21,0,-30,-12,-36,-39,-37,-22,-20,-23,-128,-78,-78,-78,-78,-78,-73,-77,-79,-84,-112,-113,-139,-142,-142,-124,-143,-137,-147,-138,-156,-155,-150,-137,-277,-268,-318,-300,-552,-552,-530,-509,-502,-383,-350,-301,-243,-201,-383,-357,-358,-361,-333,-287,-274,-229,-235,-182,-300,-284,-292,-291,-417,-407,-454,-451,-449,-455,-465,-452,-461,-456,-629,-619,-6052,-5065,-10978,-8463,-5742,-6965,-6214,-6570,-6214,-6079,-5714,-5630,-5615,-5614]} 1. d4 d6 2. c4 e5 3. dxe5 dxe5 4. Qxd8+ Kxd8 5. Nc3 Be6 6. e4 Nd7 7. Be3 c6 8. O-O-O {A41: 1 d4 d6: Tartakower System and Modern Defence} Kc7 9. g3 Ngf6 10. f3 {Black is slightly better.} a6 11. Nh3 $146 ({Predecessor:} 11. b3 b5 12. Bh3 Bc5 13. Bxc5 Nxc5 14. Bxe6 Nxe6 15. cxb5 axb5 {0-1 (27) Ballon,G (2300)-Hickl,J (2500) Berlin West 1989}) 11... h6 12. a4 (12. Nf2 $11) 12... a5 13. Nf2 Bc5 14. Bxc5 Nxc5 15. Kc2 Nfd7 16. b3 f5 17. Bh3 Rhf8 18. Bg2 fxe4 19. Nfxe4 Nxe4 20. Nxe4 Bf5 21. Rhf1 Nc5 22. Kc3 Bxe4 $1 23. fxe4 Rad8 24. Rxf8 (24. Rxd8 $17 Rxf1 25. Bxf1 Nxe4+ 26. Kd3 Nc5+ {[%mdl 64] Double Attack} 27. Kc3 Ne4+ 28. Kd3 Nc5+ {[%mdl 64] Double Attack} 29. Kc3 Kxd8 30. b4 axb4+ 31. Kxb4 Na6+ 32. Kb3) 24... Rxd1 $17 {[%mdl 4096] Endgame KRB-KRN} 25. Rf7+ Kb6 26. Rxg7 $2 (26. Kc2 {was necessary.} Re1 27. Bf1) 26... Rc1+ $19 27. Kd2 Nxb3+ 28. Ke3 Rc2 29. Bf3 Rxh2 ({Don't play} 29... Rxc4 30. Re7 $19) 30. Re7 Nd2 31. Be2 $2 {[#]} (31. c5+ Kxc5 32. Rxe5+ Kd6 33. Rf5) 31... Nxe4 $1 {[%mdl 512]} 32. Rxe5 (32. Kxe4 Rxe2+) 32... Nc5 (32... Nxg3 $2 33. Bd3 $19) 33. Bd1 Rg2 34. g4 Rg3+ 35. Bf3 {If White can now play Rh5 this consolidates a bit.} Rh3 ({Inferior is} 35... Nxa4 36. Kf2 $16) 36. Rf5 (36. Re7 $142) 36... Ne6 {And now ...Ng5 would win.} ({Not} 36... Nxa4 37. Kf2 $17) 37. c5+ Nxc5 38. Kf2 {[#]} (38. Rf6 {keeps fighting.}) 38... Ne6 $1 39. Rf6 Ng5 {Black is clearly winning.} 40. Bg2 Ra3 41. Rxh6 Rxa4 42. Kg3 Rb4 43. Rg6 a4 44. Rxg5 {KRB-KR} a3 45. Rg8 Ra4 46. Rf8 a2 47. Rf1 a1=Q 48. Rxa1 Rxa1 49. g5 Kc5 50. g6 Kd6 {Accuracy: White = 47%, Black = 84%.} 0-1

[Event "V Sunway Sitges Open 2018"]
[Site "Sitges"]
[Date "2018.12.15"]
[Round "2"]
[White "Shubin, Kirill"]
[Black "Halkias, Stelios"]
[Result "1-0"]
[WhiteElo "2334"]
[BlackElo "2552"]
[Annotator "TA"]
[PlyCount "93"]
[EventDate "2018.12.14"]
[EventType "swiss"]
[EventCountry "ESP"]
[SourceTitle "playchess.com"]
[Source "ChessBase"]
[SourceQuality "1"]

{[%evp 26,93,29,27,24,19,33,-12,-15,-15,-15,-17,-24,-39,0,-8,6,18,16,0,6,2,20,17,20,-29,11,19,25,0,0,0,18,14,21,0,1839,493,499,502,578,287,516,516,500,494,522,533,529,503,719,712,713,705,682,685,731,730,710,715,705,671,831,833,1033,996,5812,5230,4802,4798]} 1. e4 c6 2. d4 d5 3. exd5 cxd5 4. Bd3 Nc6 5. c3 Nf6 6. Bf4 Bg4 7. Qb3 Qd7 8. Nd2 e6 9. Ngf3 Bd6 10. Bxd6 Qxd6 11. O-O Bxf3 12. Nxf3 Qc7 {B13: Caro-Kann: Exchange Variation and Panov-Botvinnik Attack} 13. Rae1 O-O 14. Qc2 {LiveBook: 4 Games} Rfc8 {White has an edge.} (14... Rac8 15. Qe2 a6 16. g3 b5 17. a3 Rfe8 18. Kg2 Rb8 19. h4 h6 20. Rh1 Nd7 21. Bb1 {0-1 (51) Kovalev,V (2636)-Riazantsev,A (2666) Sochi 2017}) 15. Qe2 (15. Re2 {is interesting.} h6 16. Rfe1 a6 17. a4 Rab8 18. b4) 15... Rab8 16. Ne5 $146 (16. Rc1 {feels hotter.} a6 17. g3 Na5 18. a4 Nb3 19. Rce1) ({Predecessor:} 16. Kh1 Re8 17. Ne5 Nxe5 18. dxe5 Nd7 19. f4 Nc5 20. Bb1 b5 21. Rf3 {½-½ (47) Semeniuk,A (2464)-Yevseev,D (2548) Ekaterinburg 2002}) 16... Nxe5 17. dxe5 Nd7 $1 18. f4 g6 19. h4 Nc5 (19... b5 $5) 20. Bb1 Qe7 21. h5 Qh4 22. Qf3 b5 23. Re2 Qxh5 24. g4 $1 {[%cal Rg4h5]} Qh6 $1 25. f5 (25. Rh2 $5 {[%cal Rh2h6]} Qg7 26. Qe3 $15) 25... exf5 (25... gxf5 26. gxf5 Kf8 27. fxe6 $18) 26. gxf5 {[#]} Ne4 $1 {[%cal Re4d2][%mdl 512]} 27. Rh2 $36 {[%mdl 2048] White has some pressure.} (27. Bxe4 dxe4) 27... Qg5+ $1 28. Rg2 Qe7 29. Bxe4 dxe4 30. Qf4 Rf8 $2 {[%mdl 8192]} (30... b4 $11) 31. f6 (31. Qh6 $142 {White threatens f6 and mate.} Qc5+ 32. Kh1) 31... Qc5+ $18 32. Kh1 Rfe8 33. e6 ({Inferior is} 33. Qh6 Qf8 $11) (33. Rh2 $142 {White wants to mate with Qh6.} Qf8 34. Qh4 (34. Qxe4 Rbd8 $11)) 33... e3 $2 {[#]} (33... Rb6 {was called for.}) 34. Qh6 $1 {[%csl Gf6][%cal Rh6g7] White is clearly winning.} Qf8 35. Qxf8+ {[%mdl 64] Overworked Piece} Rxf8 {[%mdl 4096] Endgame KRR-KRR} 36. e7 Rfe8 37. Rd1 h6 38. Re2 g5 39. Rxe3 Kh7 40. Red3 Kg6 41. Rd8 Kxf6 {[#]} 42. Rxb8 $1 Rxe7 43. Rxb5 Kg6 44. c4 {[%cal Bc3c4,Bc4c5,Bc5c6][%mdl 32]} h5 45. c5 g4 46. c6 h4 47. Rc5 {Accuracy: White = 56%, Black = 52%.} 1-0